Normal view
MARC view
- Nazarian, Soheil
Entry Personal Name
001 - CONTROL NUMBER
- control field: 43442
003 - CONTROL NUMBER IDENTIFIER
- control field: NUST
005 - DATE AND TIME OF LATEST TRANSACTION
- control field: 20210314132641.0
008 - FIXED-LENGTH DATA ELEMENTS
- fixed length control field: 210314|| aca||aabn | a|a d
040 ## - CATALOGING SOURCE
- Original cataloging agency: NUST
- Transcribing agency: NUST
100 ## - HEADING--PERSONAL NAME
- Personal name: Nazarian, Soheil
670 ## - SOURCE DATA FOUND
- Source citation: Work cat.: (NUST): Nazarian, Soheil, Use of Geophysical Methods in Construction, June 2000
